| 000 | 00434pab a2200169 454500 | ||
|---|---|---|---|
| 008 | 180718b2004 xxu||||| |||| 00| 0 eng d | ||
| 100 | _aAllen, Chris | ||
| 245 | _aBourdieu's habitus, social class and the spatial worlds of visually impaired children | ||
| 260 | _c2004 | ||
| 300 | _ap.487-506. | ||
| 362 | _aMar | ||
| 650 | _aSocial class | ||
| 650 | _aChildren | ||
| 650 | _aBlind | ||
| 773 | _aUrban Studies | ||
| 909 | _a59992 | ||
| 999 |
_c59992 _d59992 |
||